000
00326nam a2200121Ia 4500
008
190722s9999 xx 000 0 und d
020
_a
978-81-224-2835-3
100
_a
Satish B. Mathur
245
0
_a
Working Capital Management And Control
260
_a
New Delhi
_b
New Age Int. Pub. Pvt. Ltd.
_c
2013
300
_a
514
942
_c
BK
999
_c
684
_d
684